| 000 | 00487nam a2200169 a 4500 | ||
|---|---|---|---|
| 005 | 20230309063532.0 | ||
| 008 | 991125s1948 mx 000 0 spa u | ||
| 035 | _aUPN01000004598 | ||
| 049 | _aCG | ||
| 050 | 4 |
_aN72 S6 _bB3.28 |
|
| 100 | 1 |
_aBastide, Roger Marius Cesar, _d1898-1974 _934224 |
|
| 245 | 1 | 0 |
_aArte y sociedad / _cRoger Bastide ; tr. del francés por Luis Alaminos. |
| 260 |
_aMéxico : _bFCE, _c1948. |
||
| 300 | _a231 p. | ||
| 650 | 4 |
_aArte y sociedad _92741 |
|
| 905 | _aLibro | ||
| 999 |
_c4598 _d4598 |
||